Necesidades básicas de aprendizaje: estrategias de acción

Zapisane w:
Opis bibliograficzny
Korporacja: UNESCO (Autor)
Format: Książka
Język:hiszpański
Wydane: Santiago OREALC 1993
Hasła przedmiotowe:
Etykiety: Dodaj etykietę
Nie ma etykietki, Dołącz pierwszą etykiete!

MARC

LEADER 00000nam a2200000 a 4500
001 UCP2415
003 CL-VaPUC
008 990514e19930000CL |||||||||||||||||spa|d
082 0 4 |a 371.3  |b UNE  |2 21 
110 2 |a UNESCO  |e author  |9 429149 
245 1 0 |a Necesidades básicas de aprendizaje: estrategias de acción 
300 |a 346 
942 |c BK 
945 |d 19990514 00:00:00  |a rbrito 
260 |a Santiago  |b OREALC  |c 1993 
650 0 |a Métodos de enseñanza  |9 270413 
650 0 |a Aprendizaje   |9 254827 
650 0 |a Currículo  |9 307290 
650 0 |a Educación básica   |9 224933 
650 0 |a Congresos  |9 257560 
651 0 |a América Latina   |9 255027 
583 |a last modification  |c 19990514 00:00:00  |k Rodrigo Vera 
999 |c 280945  |d 280943 
952 |0 0  |1 0  |4 0  |6 371_300000000000000_UNE_1993  |7 0  |8 A  |9 321496  |a BIBEDU  |b BIBEDU  |d 2019-11-20  |i 3517756  |o 371.3 UNE 1993  |p 3517756  |r 2019-11-20  |w 2019-11-20  |y BK  |k BME 
952 |0 0  |1 0  |4 0  |6 371_300000000000000_UNE_1993  |7 0  |8 A  |9 321497  |a BIBEDU  |b BIBEDU  |d 2019-11-20  |i 3517764  |o 371.3 UNE 1993  |p 3517764  |r 2019-11-20  |w 2019-11-20  |y BK  |k BME